| 000 | 00000nam 2200000zi 4500 |
| 001 | 9.922339 |
| 003 | CaOODSP |
| 005 | 20230818074319 |
| 006 | m o d f |
| 007 | cr |n||||||||| |
| 008 | 230505t19991999onca o f000 0 fre d |
| 020 | |z0662640640 |
| 040 | |aCaOODSP|bfre|erda|cCaOODSP |
| 043 | |an-cn--- |
| 086 | 1 |aC2-413/1999F-PDF|zC2-413/1999 |
| 245 | 00|aBrancher le secteur du bénévolat. |
| 264 | 1|a[Ottawa] : |bGouvernement du Canada = Government of Canada, |c[1999] |
| 264 | 4|c©1999 |
| 300 | |a1 ressource en ligne (2 pages non numérotées) : |billustrations |
| 336 | |atexte|btxt|2rdacontent/fre |
| 337 | |ainformatique|bc|2rdamedia/fre |
| 338 | |aressource en ligne|bcr|2rdacarrier/fre |
| 500 | |aÉdition numérisée de l'imprimé [par Innovation, Sciences et Développement économique Canada]. |
| 500 | |aPublié aussi en anglais sous le titre : Getting the voluntary sector on-line. |
| 500 | |a« 52600B. » |
| 650 | 6|aAssociations sans but lucratif|zCanada. |
| 650 | 6|aBénévolat|zCanada|xAutomatisation. |
| 650 | 6|aInternet|zCanada. |
| 710 | 1 |aCanada. |bIndustrie Canada, |eorganisme de publication. |
| 775 | 08|tGetting the voluntary sector on-line.|w(CaOODSP)9.922337 |
| 856 | 40|qPDF|s639 Ko|uhttps://publications.gc.ca/collections/collection_2023/isde-ised/c2/C2-413-1999-fra.pdf |